00834nam a22001937a 4500003000900000008004100009020001500050040007100065082001700136100003000153245012900183260002900312300002500341505018700366650002000553650001500573650003000588650002200618AR-CdUCM190226b ||||| |||| 00| 0 spa d a9972972011 aMUNICIPALIDAD PROVINCIAL DEL CUSCOcBIBLIOTECA MUNICIPAL DEL CUSCO a323.4 /bC14 aCaceres Valdivia, Eduardo aDe repente la misma cosa va a ser :bReflexiones en torno a identidades, derechos y bienestar en el Perú contemporáneo / aLima :b Aprodeh;c2003. a74 paginas ;c24 cm. aAproximación conceptual -- Una transición política multitudinaria -- Profundizando la mirada: Derechos en diversos contextos -- A modo de conclusión -- Referencia citadas ... aDerechos humano aDemocracia aParticipación ciudadana aPolítica social